Prithivir hesh station aru anya akhon chabi (Record no. 3154)

MARC details
000 -LEADER
fixed length control field 00543cam a2200193ua 4500
008 - FIXED-LENGTH DATA ELEMENTS--GENERAL INFORMATION
fixed length control field 111017n ii |||gr||||Z||||||asm
040 ## - CATALOGING SOURCE
Transcribing agency MAIN
082 ## - DEWEY DECIMAL CLASSIFICATION NUMBER
Classification number 891.4513
100 1# - MAIN ENTRY--PERSONAL NAME
Personal name Goswami, Manuj Kumar,
Relator term
245 11 - TITLE STATEMENT
Title Prithivir hesh station aru anya akhon chabi
Statement of responsibility, etc. by Manuj Kumar Goswami
250 ## - EDITION STATEMENT
Edition statement 1st.
260 ## - PUBLICATION, DISTRIBUTION, ETC.
Place of publication, distribution, etc. Guahati:
Name of publisher, distributor, etc. Arch Prakashan,996.
300 ## - PHYSICAL DESCRIPTION
Extent 111:
Dimensions 23cm.
700 ## - ADDED ENTRY--PERSONAL NAME
Personal name Mahanta, Maine,
942 ## - ADDED ENTRY ELEMENTS (KOHA)
Koha item type Books
653 ## - INDEX TERM--UNCONTROLLED
Uncontrolled term Assamese short stories
653 ## - INDEX TERM--UNCONTROLLED
Uncontrolled term Prithivir hesh station aru anya akhon chabi
Holdings
Withdrawn status Lost status Damaged status Not for loan Home library Current library Shelving location Date acquired Total Checkouts Full call number Barcode Date last seen Copy number Price effective from Koha item type
        Central Library, Naharkatiya College Central Library, Naharkatiya College General Stacks 19/09/2020   891.4513 | GOS 10513 19/09/2020 1 19/09/2020 Books

Naharkatiya College © 2020. All rights reserved.

Powered By